Countries whose names don't contain the letter A - Statistics

General Stats
  • This quiz has been taken 660 times
    645 since last reset
  • The average score is 24 of 29
Answer Stats
Country % Correct
Sweden
93%
Fiji
91%
Egypt
89%
Mexico
89%
Greece
88%
Yemen
88%
Belgium
87%
Chile
87%
Liechtenstein
87%
Luxembourg
87%
Morocco
87%
Benin
86%
Kosovo
86%
Togo
86%
Peru
85%
United Kingdom
84%
Belize
83%
Turkey
83%
Niger
80%
Djibouti
79%
Cyprus
78%
Burundi
77%
Comoros
75%
Lesotho
75%
Brunei
74%
Montenegro
72%
Seychelles
72%
Philippines
68%
Republic of the Congo
65%
No matching quizzes found
Score Distribution
Percent of People with Each Score
Percentile by Number Answered
Your Score History
You have not taken this quiz since the last reset